000 00478nam a2200193Ia 4500
005 20240823012354.0
008 240823s9999||||xx |||||||||||||| ||und||
020 _a81-7671-024-5
041 _aENGLISH
082 _A808.027 P0
100 _a"Gibaldi,Joseph"
245 0 _aMLA Handbook for Writers of Research Papers
250 _a5th
260 _c2000
_b"EWP,New "
500 _aYES
650 _aResearch Methods
_bManagement Studies
942 _cBK
999 _c164211
_d164211